Príbeh o láske bez slov

Bibliographic Details
Main Author: Sepúlveda, Luis, 1949-2020 (Author)
Other Authors: Brat, Roman, 1957- (Translator)
Format: Article
Language:Slovak
Subjects:

MARC

LEADER 00000nab a2200000 a 4500
001 vtls000764926
003 SK-MaSNL
005 20260304113418.0
008 250429c2001 xo 0 slo
015 |a SNBRB2001/08-23490 
035 |a CLN000116713 
035 |a urn:nbn:sk:snk-abbugh 
035 |a (urnnbn)urn:nbn:sk:snk:ar-006fmu 
035 |a (uuid)87656e3a-66e0-4129-ace1-31ca752121b7 
040 |a SNKBUCL  |b slo  |c SNKBUCL  |e AACR2 
041 0 |a slo 
044 |a xo  |c SK 
080 |a 860 (83)-3  |2 1997 
100 1 |a Sepúlveda, Luis,  |d 1949-2020  |4 aut  |9 198250 
245 1 0 |a Príbeh o láske bez slov  |c Luis Sepúlveda ; preložil Roman Brat 
650 0 7 |a poviedky psychologické čílske  |2 snkbucl  |9 1416698 
655 7 |a články z novín a časopisov  |2 snkbucl  |9 267496 
700 1 |a Brat, Roman,  |d 1957-  |4 trl  |9 110158 
773 0 |t Revue svetovej literatúry  |g Roč. 37, č. 1 (2001), s. 24-30 
850 |a Slovenská národná knižnica 
852 |a Slovenská národná knižnica 
958 |a article15 
958 |a CL 
958 |a LX 
958 |a OND 
958 |a EUIPO 
992 |a RBX 
999 |c 2869261  |d 2871191